MARC

LEADER 00000nam0a2200000 4500
001 330574
005 20231102004255.0
035 |a (RuTPU)RU\TPU\book\356348 
090 |a 330574 
100 |a 20170406d1974 km y0rusy50 ca 
101 0 |a rus 
102 |a RU 
105 |a a z 001zy 
200 1 |a Проектирование взрывных работ  |f под ред. Б. Н. Кутузова 
210 |a Москва  |c Недра  |d 1974 
215 |a 328 с.  |c ил. 
320 |a Библиогр.: с. 319-320 
320 |a Алфавитно-предметный указатель: с. 321-324 
606 1 |a Взрывные работы  |2 stltpush  |3 (RuTPU)RU\TPU\subj\2381  |9 30957 
610 1 |a проектирование 
610 1 |a проектная документация 
610 1 |a строительство 
610 1 |a карьеры 
610 1 |a выбросы 
610 1 |a сбросы 
610 1 |a выработки 
610 1 |a подземная разработка 
610 1 |a городские условия 
610 1 |a реконструкция 
610 1 |a металлургические заводы 
610 1 |a безопасность 
610 1 |a стоимость 
675 |a 622.235.6  |v 4 
702 1 |a Кутузов  |b Б. Н.  |g Борис Николаевич  |4 340 
801 1 |a RU  |b 63413507  |c 20170406 
801 2 |a RU  |b 63413507  |c 20170410  |g RCR 
942 |c BK